Інноваційні педагогічні технології в практиці роботи загальноосвітніх навчальних закладів України (Запис № 347155)

МАРК-запис
000 -Лідер
fixed length control field 00840nam a22002297a 4500
003 - Ідентифікатор контрольного номера
control field UA-OsUOA
001 - Контрольний номер
control field 61260
007 - Фіксоване поле фізичного опису
fixed length control field ta
008 - Елементи даних фіксованої довжини – загальна інформація
fixed length control field 20090624b un ||||| |||| 00| 0 ukr d
090 ## - Локальний шифр розміщення
Класифікаційний індекс УДК 373.51
Авторський знак (НП) І-66
040 ## - Джерело каталогізації
Агенція оригінальної каталогізації UA-OsUOA
Мова каталогізації ukr
Агенція, яка здійснювала перезапис UA-OsUOA
Агенція, яка здійснювала модифікацію UA-OsUOA
041 ## - Код мови
Код мови тексту/ звукової доріжки чи окремого заголовка (П) ukr
080 ## - Індекс Універсальної десяткової класифікації
Індекс Універсальної десяткової класифікації (УДК) (НП) 373.51
020 ## - Міжнародний стандартний книжковий номер (ISBN)
Міжнародний стандартний книжковий номер (ISBN) (НП) 978-966-8874-38-3
245 ## - Відомості про назву
Назва (НП) Інноваційні педагогічні технології в практиці роботи загальноосвітніх навчальних закладів України
Решта назви (НП) Інформаційно-аналітичний довідник
Дані про відповідальність (НП) За ред Завалевського Ю. І.
260 ## - Публікація, розповсюдження і т.п. (Вихідні дані)
Місце публікації, розповсюдження і т.п. (П) Суми
Ім’я/ наймення видавництва, розповсюджувача і т.п. (П) Антей
Дата публікації, розповсюдження і т.п. (П) 2007
300 ## - Фізичний опис
Обсяг 200 с.
650 #7 - Додаткове предметне введення – тематичний термін
Тематичний термін чи географічна назва, як елемент введення (НП) 373 Види загальноосвітніх шкіл
Джерело заголовка чи терміна UDC
942 ## - Додаткові елементи входу (Коха)
Тип елемента Koha Книги
955 ## - Код типу видання за змістом
Код типу видання за змістом (НП) Навчальні видання
Фонди
Стан вилучень Стан втрат Джерело класифікації або схеми стелажів Стан уражень Не для кредиту Постійне місце розташування Поточне розміщення Дата придбання Джерело придбання Вартість, звичайна ціна покупки Інвентарний номер Усього замовленно Повний номер виклику Штрих-код Дата останнього перегляду Ціна ефективна від Тип елемента Koha
    Universal Decimal Classification     АБ - Абонемент НБ АБ - Абонемент НБ 24/06/2009 97/2009 17.06 121630   373.51 І-66 121630 22/12/2021 24/06/2009 Книги
    Universal Decimal Classification     АБ - Абонемент НБ АБ - Абонемент НБ 24/06/2009 97/2009 17.06 121631   373.51 І-66 121631 22/12/2021 24/06/2009 Книги
    Universal Decimal Classification     АБ - Абонемент НБ АБ - Абонемент НБ 24/06/2009 97/2009 17.06 121632   373.51 І-66 121632 22/12/2021 24/06/2009 Книги
    Universal Decimal Classification     АБ - Абонемент НБ АБ - Абонемент НБ 24/06/2009 97/2009 17.06 121633   373.51 І-66 121633 22/12/2021 24/06/2009 Книги
    Universal Decimal Classification     АБ - Абонемент НБ АБ - Абонемент НБ 24/06/2009 97/2009 17.06 121634   373.51 І-66 121634 22/12/2021 24/06/2009 Книги
    Universal Decimal Classification     АБ - Абонемент НБ АБ - Абонемент НБ 24/06/2009 97/2009 17.06 121635   373.51 І-66 121635 22/12/2021 24/06/2009 Книги
    Universal Decimal Classification     АБ - Абонемент НБ АБ - Абонемент НБ 24/06/2009 97/2009 17.06 121636   373.51 І-66 121636 22/12/2021 24/06/2009 Книги